00590nam a2200181Ia 4500008004100000100002600041245010600067245002800173260000900201260000900210300003400219440004300253650002800296650001800324650001900342650002800361999001900389190422s9999 xx 000 0 und d aKebede, Getahun Fenta aSocial capital and entrepreneurial outcomes: evidence form informal sector entrepreneurs in Ethiopia/ cGetahun Fenta Kebede.-- bSage c2018 apages 209-242, September 2018 aThe Journal of ENTREPRENEURSHIPv27(2) aEntrepreneurial Outcome aEntrepreneurs aSocial Capital aSocial Network Analysis c361446d361446